Протокол № 8 заседания Президиума Верховного Совета СССР том I

Доступно только в Электронных читальных залах Найти на картеНа карте
RUSMARC
00004198nac2a22002773x 450
001c3c85f08-f4b6-4d6e-9cbc-0654bc9c571f
00520221206232317.0
100##$a20221115l19411941k y0rusy50 ca
1010#$arus
$amul
102##$aRU
105##$ay z |||||
1222#$ad19410103
$ad19410124
2001#$aПротокол № 8 заседания Президиума Верховного Совета СССР том I
$j3-24 января 1941
215##$a255 листов
251##$cДело
300##$aЗаголовок дела на папке: Протокол № 8 заседания Президиума Верховного Совета СССР (подлинный)
300##$aЧасть текста на языках народов СССР
300##$aЧасть текста машинописная и рукописная, часть - напечатана типографским способом
461#0$1001d61833fe-7036-4123-ba24-5c83654b2cf0
$12001
$aВерховный Совет СССР
$1251
$cФонд
$1852
$gР
$j7523
462#0$1001a334c51b-8455-4c6a-99ad-af63521fba80
$12001
$aПодлинные протоколы заседаний Президиума Верховного Совета СССР первого созыва за 1938-1946 гг.
$vД. 43
$1251
$cОпись
$1852
$j4
5171#$aПротокол № 8 заседания Президиума Верховного Совета СССР (подлинный)
60101$3RU\NLR\AUTH\8817309
$aСССР
$bВерховный Совет
60101$3RU\NLR\AUTH\8810065327
$aСССР
$bВерховный Совет
$bПрезидиум
801#0$aRU
$bGA_RF
801#1$aRU
$bГлавНИВЦ
$c20221115
$2rusmarc
801#2$aRU
$bПБ им. Б.Н. Ельцина
$c20221206
$gRCR
$2rusmarc
852##$aГА РФ
$j43
937##$d181342575
$hГАРФ
035##$aRuPRLIB51069159
856##$uhttp://readingroom.main.prlib.ru/item.aspx?id_node=n181342575&mode=full
Формат отображения